000 01603nam a2200361 c 4500
003 BLK
005 20241122090426.0
008 180410b bul|||||r ||||||| ||bul||
010 _aKNG00167166000
020 _a978-954-28-1329-3
_bиздат.: Ciela Soft and Publ.
040 _aBLK
041 _aBUL
_cBUL
072 7 _2bullib
_aН84
_xБългарска художествена литература Н
080 _aБългарска литература
_b821.163.2
_x-4
_z821.163.2-4
100 1 _aКарбовски, Мартин
_eпърви автор
_gБогданов, Мартин Кирилов
_977006
700 1 _aДилов - син, Любен
_eпредг. от
_9374389
700 _aДилов, Любен Любенов
_e*
_9366098
139 _aКарбовски, Мартин
_bК 38
245 1 0 _aОбществен eXperiment
_cМартин Карбовски; предг. от Любен Дилов - син; * Любен Любенов Дилов.
250 _a2. изд.
257 _aBGR
260 София
_bCiela Soft and Publ.
_c2013
300 _a192 с.
_c21 см
380 _aX
500 _aЗагл. в библиогр. каре: Обществен експеримент. - Мартин Карбовски - псевд. на Мартин Кирилов Богданов. - 1. изд. 2003.
659 _aН
852 _aЦб 271451
856 4 _qpdf
_u
856 4 _qpdf
_u
942 _cKNG
_n0
_05
944 _aCR
_c12.11.2014
_k30531
_lЦветелина Шанова
944 _aED
_c21.05.2015
_kГеновева_Генчева
999 _c159964
_d159964